| 000 | 01232nac a22003011u 4500 | ||
|---|---|---|---|
| 010 | _a 2007011160 | ||
| 020 | _a8125914722 | ||
| 082 | 0 | 0 |
_a530 _bKAN |
| 090 |
_c7324 _d7324 |
||
| 100 | _aKannan, M.D. | ||
| 245 | 1 | 0 |
_aEngineering physics, Vol 1 / _cM.D. Kannan, V. Balusamy. |
| 260 |
_aNew Delhi: _bVikas Publishing House PVT LTD,c2003. _cc2003. |
||
| 300 |
_a282p: _bill; _c19cm. |
||
| 500 | _aIncludes index. | ||
| 500 | _aDistributer: Al-Ahram. | ||
| 505 | 0 | _aQuantum physics -- Electron optics -- Geometrical optics -- Wave theory of light -- Diffraction of light -- Polarisation of light -- Nuclear structure and nuclear forces -- Number systems used in digital electronics -- Logic gates and Boolean algebra -- Dielecrics -- Lasers -- Fibre optics. | |
| 511 | _aCatalogued By: Mahitab. | ||
| 650 | 0 | _aPhysics. | |
| 650 | 0 |
_aPhysics _xIndustrial applications. |
|
| 650 | 0 | _aOptics. | |
| 650 | 0 | _aMathematical physics. | |
| 700 | 1 | _aBalusmay, V. | |
| 856 | 4 | 1 |
_3Table of contents only _uhttp://www.loc.gov/catdir/toc/ecip0713/2007011160.html |
| 942 |
_cBB _k530KAN _hRDA-MOD |
||
| 999 |
_c7324 _d7324 |
||
| 336 |
_2rdacontent _atext _btxt |
||
| 337 |
_aunmediated _2rdamedia _bn |
||
| 338 |
_avolume _bnc _2rdacarrier |
||